000 00852nam a2200217 a 4500
003 0
005 20250317131109.0
008 071127s19uu xx 00 eng d
050 _aPGS QA 11.2.S78
_b.K49 2007
100 _aKim, E-sul.
245 _aMath achievements in group work and individual seatwork /
_cE-sul Kim.
260 _aLas PiƱas City, Philippines :
_bSouthville International School and Colleges,
_c2007.
300 _a23 pages :
_billustrations ;
_c28 cm.
504 _aIncludes bibliographical references.
650 _aMathematics
_vStudy and teaching
_vEffectiveness of study tasks.
650 _aAcademic achievement
_vMathematics.
650 _aLearning strategies
_vMathematics education.
650 _aGroup work in education
_vEffect on learning.
650 _aIndividualized instruction in mathematics.
942 _2lcc
_cPASS
999 _c97729
_d97729